Los grandes enigmas de las civilizaciones antiguas. (Record no. 75696)

MARC details
000 -LEADER
campo de control de longitud fija 01030nam a2200277 i 4500
001 - NÚMERO DE CONTROL
campo de control 75696
003 - IDENTIFICADOR DE NÚMERO DE CONTROL
campo de control ES-MaACL
005 - FECHA Y HORA DE LA ÚLTIMA TRANSACCIÓN
campo de control 20250818131137.0
008 - DATOS DE LONGITUD FIJA--INFORMACIÓN GENERAL
campo de control de longitud fija 040927s1971 sp a |||| | spa d
080 ## - NÚMERO DE LA CLASIFICACIÓN DECIMAL UNIVERSAL
Número de la Clasificación Decimal Universal 931
245 04 - MENCIÓN DEL TÍTULO
Título Los grandes enigmas de las civilizaciones antiguas.
260 ## - PUBLICACIÓN, DISTRIBUCIÓN, ETC.
Lugar de publicación, distribución, etc. Madrid :
Nombre del editor, distribuidor, etc. Círculo de Amigos de la Historia,
Fecha de publicación, distribución, etc. [1971]
300 ## - DESCRIPCIÓN FÍSICA
Extensión 3 v. :
Otras características físicas il. ;
Dimensiones 18 cm.
505 0# - NOTA DE CONTENIDO CON FORMATO
Nota de contenido con formato 1. La Atlántida, Angkor Vat, Sumer, Los fenicios / Jean Watelet ... [et al.] - 2. Grecia y Oriente Medio / Jean Renald ... [et al.] - 3. Roma y Pompeya / Enrique Centeno Puente
650 #4 - PUNTO DE ACCESO ADICIONAL DE MATERIA--TÉRMINO DE MATERIA
Término de materia o nombre geográfico como elemento de entrada Civilización antigua.
9 (RLIN) 141209
650 #4 - PUNTO DE ACCESO ADICIONAL DE MATERIA--TÉRMINO DE MATERIA
Término de materia o nombre geográfico como elemento de entrada Civilización griega.
9 (RLIN) 137206
651 #4 - PUNTO DE ACCESO ADICIONAL DE MATERIA--NOMBRE GEOGRÁFICO
Nombre geográfico Oriente Medio-
Subdivisión general Civilización.
9 (RLIN) 170045
651 #4 - PUNTO DE ACCESO ADICIONAL DE MATERIA--NOMBRE GEOGRÁFICO
Nombre geográfico Roma-
Subdivisión general Historia.
9 (RLIN) 9312
651 #4 - PUNTO DE ACCESO ADICIONAL DE MATERIA--NOMBRE GEOGRÁFICO
Nombre geográfico Pompeya (Ciudad desaparecida)
9 (RLIN) 149648
700 1# - ENTRADA AGREGADA--NOMBRE PERSONAL
Nombre de persona Watelet, Jean.
9 (RLIN) 173639
700 1# - ENTRADA AGREGADA--NOMBRE PERSONAL
Nombre de persona Renald, Jean.
9 (RLIN) 173640
700 1# - ENTRADA AGREGADA--NOMBRE PERSONAL
Nombre de persona Centeno Puente, Enrique.
9 (RLIN) 173641
700 2# - ENTRADA AGREGADA--NOMBRE PERSONAL
Nombre de persona
9 (RLIN) 241856
852 ## - LOCALIZACIÓN
Ubicación ES-MaACL
Número de control de estantería C-46024-26
Holdings
Estatus retirado Estado de pérdida Estado de daño No para préstamo Biblioteca de origen Biblioteca actual Ubicación en estantería Fecha de adquisición Fuente de adquisición Total de préstamos Signatura topográfica completa Código de barras Visto por última vez Precio de reemplazo Tipo de ítem Koha
        Biblioteca del Ateneo de Madrid Biblioteca del Ateneo de Madrid Depósito 2 17/01/2008     C-46024-26 1079230 23/02/2023 23/02/2023 Libro impreso